Welcome to CU Library Online Public Access Catalogue (OPAC)

Graphic thinking for architects & designers / (Record no. 277)

MARC details
000 -LEADER
fixed length control field 00972cam a22002654a 4500
001 - CONTROL NUMBER
control field 11869448
005 - DATE AND TIME OF LATEST TRANSACTION
control field 20241028120524.0
008 - FIXED-LENGTH DATA ELEMENTS--GENERAL INFORMATION
fixed length control field 991216s2001 nyua b 001 0 eng
020 ## - INTERNATIONAL STANDARD BOOK NUMBER
International Standard Book Number 9780471352921
050 00 - LIBRARY OF CONGRESS CALL NUMBER
Classification number NA2705
Item number .L38 2001
082 00 - DEWEY DECIMAL CLASSIFICATION NUMBER
Classification number 720/.28/4
Edition information 21
100 1# - MAIN ENTRY--PERSONAL NAME
Personal name Laseau, Paul,
Dates associated with a name 1937-
245 10 - TITLE STATEMENT
Title Graphic thinking for architects & designers /
Statement of responsibility, etc. Paul Laseau.
250 ## - EDITION STATEMENT
Edition statement 3rd. ed.
260 ## - PUBLICATION, DISTRIBUTION, ETC.
Place of publication, distribution, etc. New York :
Name of publisher, distributor, etc. Wiley,
Date of publication, distribution, etc. c2001.
300 ## - PHYSICAL DESCRIPTION
Extent ix, 246 p. :
Other physical details ill. ;
Dimensions 28 cm.
650 #0 - SUBJECT ADDED ENTRY--TOPICAL TERM
Topical term or geographic name entry element Architectural drawing.
650 #0 - SUBJECT ADDED ENTRY--TOPICAL TERM
Topical term or geographic name entry element Communication in architectural design.
650 #0 - SUBJECT ADDED ENTRY--TOPICAL TERM
Topical term or geographic name entry element Architecture
General subdivision Sketch-books.
650 #0 - SUBJECT ADDED ENTRY--TOPICAL TERM
Topical term or geographic name entry element Graphic arts.
856 42 - ELECTRONIC LOCATION AND ACCESS
Materials specified Contributor biographical information
Uniform Resource Identifier <a href="http://www.loc.gov/catdir/bios/wiley045/99086809.html">http://www.loc.gov/catdir/bios/wiley045/99086809.html</a>
856 42 - ELECTRONIC LOCATION AND ACCESS
Materials specified Publisher description
Uniform Resource Identifier <a href="http://www.loc.gov/catdir/description/wiley039/99086809.html">http://www.loc.gov/catdir/description/wiley039/99086809.html</a>
856 4# - ELECTRONIC LOCATION AND ACCESS
Materials specified Table of Contents
Uniform Resource Identifier <a href="http://www.loc.gov/catdir/toc/onix05/99086809.html">http://www.loc.gov/catdir/toc/onix05/99086809.html</a>
942 ## - ADDED ENTRY ELEMENTS (KOHA)
Source of classification or shelving scheme Library of Congress Classification
Koha item type Books
Edition 3rd Ed.
Suppress in OPAC No
999 ## -
-- 277
-- 277
Holdings
Withdrawn status Lost status Source of classification or shelving scheme Damaged status Not for loan Collection Home library Current library Shelving location Date acquired Total checkouts Full call number Barcode Date last seen Copy number Price effective from Koha item type
    Library of Congress Classification     Non-fiction Science Library (Miotso) Science Library (Miotso) General stacks 10/28/2024   NA2705 .L38 2001 SLM00000124 10/28/2024 1 10/28/2024 Books
    Library of Congress Classification     Non-fiction Science Library (Miotso) Science Library (Miotso) General stacks 10/28/2024   NA2705 .L38 2001 SLM00000125 10/28/2024 2 10/28/2024 Books
    Library of Congress Classification     Non-fiction Science Library (Miotso) Science Library (Miotso) General stacks 10/28/2024   NA2705 .L38 2001 SLM00000126 10/28/2024 3 10/28/2024 Books
© 2023-2024 Copyright: Central University Libraries. All Rights Reserved | Created by: Mahone Tech Office